Detalles MARC
| 000 -CABECERA |
| campo de control de longitud fija |
01006nam a2200193 a 4500 |
| 001 - NÚMERO DE CONTROL |
| campo de control |
000045380 |
| 005 - FECHA Y HORA DE LA ÚLTIMA TRANSACCIÓN |
| campo de control |
20240306073901.0 |
| 008 - DATOS DE LONGITUD FIJA--INFORMACIÓN GENERAL |
| campo de control de longitud fija |
150305s2014 dr 000 0 spa d |
| 020 ## - NÚMERO INTERNACIONAL ESTÁNDAR DEL LIBRO |
| Número Internacional Estándar del Libro |
9789945489613 |
| 040 ## - FUENTE DE LA CATALOGACIÓN |
| Centro catalogador/agencia de origen |
DO-SdBNP |
| Lengua de catalogación |
spa |
| Centro/agencia transcriptor |
BNPHU |
| 082 ## - NÚMERO DE LA CLASIFICACIÓN DECIMAL DEWEY |
| Número de clasificación |
xxxx |
| Número de documento/Ítem |
xxxx |
| 100 1# - ENTRADA PRINCIPAL--NOMBRE DE PERSONA |
| Nombre de persona |
Lara, Evelyn Zoraya |
| 9 (RLIN) |
73418 |
| 245 10 - MENCIÓN DE TÍTULO |
| Título |
Familia : |
| Resto del título |
diálogos sobre lealtad, aciertos y fracasos / |
| Mención de responsabilidad, etc. |
Evelyn Zoraya Lara ; prólogo José Mármol. |
| 260 ## - PUBLICACIÓN, DISTRIBUCIÓN, ETC. |
| Lugar de publicación, distribución, etc. |
Santo Domingo : |
| Nombre del editor, distribuidor, etc. |
Santuario, |
| Fecha de publicación, distribución, etc. |
2014. |
| 300 ## - DESCRIPCIÓN FÍSICA |
| Extensión |
458 p. ; |
| Dimensiones |
23cm. |
| 500 ## - NOTA GENERAL |
| Nota general |
Incluye datos biográficos de la autora en la solapa de la cubierta. |
| 505 0# - NOTA DE CONTENIDO CON FORMATO |
| Nota de contenido con formato |
Agradecimientos -- |
| Título |
Una profesión cada vez más popular. Prólogo -- |
| -- |
Vida de pareja. Una experiencia de crecimiento -- |
| -- |
Cuando el amor duele. Infidelidad conyugal -- |
| -- |
Violencia conyugal. Asunto de poder, género y neuroquímicos -- |
| -- |
Ser madre y padre. Compromiso de crianza -- |
| -- |
Familia. Entramado de relaciones -- |
| -- |
Otras. Inquietudes del ser humano -- |
| 700 12 - PUNTO DE ACCESO ADICIONAL--NOMBRE DE PERSONA |
| Nombre de persona |
Mármol, José, |
| Fechas asociadas al nombre |
1960- |
| Término indicativo de función/relación |
prol. |
| 9 (RLIN) |
6454 |